| 000 | 01219cam a22003131i 4500 | ||
|---|---|---|---|
| 001 | 2164420 | ||
| 003 | EG-ScBUE | ||
| 005 | 20240321094728.0 | ||
| 008 | 730208r19641951nyuabc f b 001 0 eng d | ||
| 040 |
_aDLC _beng _erda _cDLC _dDLC _dEG-ScBUE |
||
| 041 | 1 |
_aeng _hara |
|
| 082 | 0 | 4 |
_a930.1 _222 _bCER |
| 100 | 1 |
_aCeram, C. W., _d1915-1972, _eauthor. _910888 |
|
| 245 | 1 | 0 |
_aGods, graves, and scholars : _bthe story of archaeology / _cby C. W. Ceram ; translated from the German by E. B. Garside. |
| 250 | _aTwenty-first printing. | ||
| 264 | 1 |
_aNew York : _bAlfred A. Knopf, _c1964. |
|
| 300 |
_axi, 426, xvi pages : _billustrations, maps, portraits ; _c22 cm |
||
| 336 |
_2rdacontent _atext _btxt |
||
| 337 |
_aunmediated _2rdamedia _bn |
||
| 338 |
_avolume _bnc _2rdacarrier |
||
| 500 | _aOriginally published: Hamburg-Stuttgart:Rowohlt Verlage GmbH., 1949, Gotter, Graber Und Gelehrte | ||
| 504 | _aIncludes bibliographical references and index. | ||
| 546 | _aText in English ; translated from the original Arabic. | ||
| 650 | 7 |
_aArchaeology _xHistory. _2BUEsh _910889 |
|
| 655 | _vReading book | ||
| 700 | 1 |
_910887 _aGarside, E. B., _etranslator. |
|
| 942 |
_2ddc _cBB |
||
| 999 |
_c13260 _d13260 |
||